书目信息 |
| 题名: |
建筑构造试题库
|
|
| 作者: | 叶琳 主编 | |
| 分册: | ||
| 出版信息: | 北京 中国水利水电出版社 2014 |
|
| 页数: | 114页 | |
| 开本: | 26cm | |
| 丛书名: | ||
| 单 册: | ||
| 中图分类: | TU22-44 , TU22 | |
| 科图分类: | ||
| 主题词: | 建筑构造--高等职业教育--题库 , 建筑构造 | |
| 电子资源: | ||
| ISBN: | 978-7-5170-2021-9 | |
| 000 | 00940nam0 2200253 450 | |
| 001 | 141634 | |
| 005 | 20141111112800.79 | |
| 010 | @a978-7-5170-2021-9@dCNY 20.00 | |
| 100 | @a20140829d2014 em y0chiy50 ea | |
| 101 | 0 | @achi |
| 102 | @aCN@b110000 | |
| 105 | @aa q 000yy | |
| 200 | 1 | @a建筑构造试题库@9jian zhu gou zao shi ti ku@b专著@f叶琳主编 |
| 210 | @a北京@c中国水利水电出版社@d2014 | |
| 215 | @a114页@c图@d26cm | |
| 300 | @a高职高专土建类建筑工程技术专业课程试题库 | |
| 330 | @a本书主要内容包括绪论、建筑设计概论、建筑平面设计、建筑体型与立面设计、建筑剖面设计、建筑垂直交通设计、建筑防火设计、建筑环保节能、基础与地下室、墙体、门窗、变形缝、工业建筑概述、建筑专业施工图举例共14章的试题,并在书后附试题答案。 | |
| 606 | 0 | @a建筑构造@x高等职业教育@j题库 |
| 606 | 0 | @a建筑构造 |
| 690 | @aTU22-44@v5 | |
| 690 | @aTU22@v4 | |
| 701 | 0 | @a叶琳@9ye lin@c(建筑)@4主编 |
| 801 | 0 | @aCN@bZL@c20141111 |
| 905 | @a241430@dTU22@eY441 | |
| 建筑构造试题库/叶琳主编.-北京:中国水利水电出版社,2014 |
| 114页:图;26cm |
| 高职高专土建类建筑工程技术专业课程试题库 |
| ISBN 978-7-5170-2021-9:CNY 20.00 |
| 本书主要内容包括绪论、建筑设计概论、建筑平面设计、建筑体型与立面设计、建筑剖面设计、建筑垂直交通设计、建筑防火设计、建筑环保节能、基础与地下室、墙体、门窗、变形缝、工业建筑概述、建筑专业施工图举例共14章的试题,并在书后附试题答案。 |
| ● |
| 相关链接 |
|
|
|
正题名:建筑构造试题库
索取号:TU22/Y441
 
预约/预借
| 序号 | 登录号 | 条形码 | 馆藏地/架位号 | 状态 | 备注 |
| 1 | 0838518 | 208385184 | 建筑库101/101建筑库 46排3列3层/ [索取号:TU22/Y441] | 在馆 | |
| 2 | 0838519 | 208385193 | 建筑库101/101建筑库 46排3列3层/ [索取号:TU22/Y441] | 在馆 | |
| 3 | 0838520 | 208385200 | 建筑库101/101建筑库 46排3列3层/ [索取号:TU22/Y441] | 在馆 |